00988nam a22002657a 450000500170000001000150001702000260003203500130005803700130007108200130008410000210009724500840011826000390020227000780024130000260031950000520034560000310039761000310042865000360045965000230049565000340051894200270055299900170057995201260059620140904112125.0 aENG-110726 a9788132117872c550.00 aEN-94258 bDBAD/PUB a335.4346 aPaul, Bappaditya aThe first Naxal :cby Bappaditya Paulban authorised biography of Kanu Sanyal / aNew DelhibSage Publicationsc2014 aB1/ I-1 Mohan Cooperative Industrial Area,Mathura RoadbNew Delhie110044 axiv,248p. c22cm(pbk) a Includes bibliographical references and index. aSanyal, Kanu, d1929-2010. a Communist Party of India. aCommunists zIndia vBiography. aNaxalite movement. a CommunismzIndia x History. 2ddccENh335.4346mPAU c88278d88278 001040718NFICaDBADbDBADd2014-09-03eDBAD/PUBg550.00l0o335.4346 PAUpEN-94258r2014-09-03 00:00:00t1v550.00yEN